Estudio filogeográfico de Iridosornis porphyrocephala, usando marcadores moleculares por la conservación de una especie amenazada y endémica de Colombia y Ecuador (Registro nro. 5832)

Detalles MARC
000 -CABECERA
Campo de control 01037nam a2200277 a 4500
005 - FECHA Y HORA DE LA ULTIMA TRANSACCION
Campo de control 20200104041603.0
008 - ELEMENTOS DE LONGITUD FIJA—INFORMACION GENERAL
Campo de control 160411b2007 ck |||||rm||| 00| 0 spa d
040 ## - FUENTE DE CATALOGACIÓN
Agencia catalogadora original CO-BoIAVH
Agencia transcriptora CO-BoIAVH
041 ## - IDIOMA
Código de idioma para texto/pista de sonido o título separado Español
044 ## - PAÍS DE PUBLICACIÓN
País de publicación Colombia
090 ## - CLASIFICACIÓN LOCAL
Colección TE-
Consecutivo 0182
100 1# - ASIENTO PRINCIPAL--NOMBRE PERSONAL
Nombre personal López Alvarez, Diana Carolina
9 (RLIN) 65081
245 10 - MENCION DE TITULO
Título Estudio filogeográfico de Iridosornis porphyrocephala, usando marcadores moleculares por la conservación de una especie amenazada y endémica de Colombia y Ecuador
260 ## - PUBLICACION, DISTRIBUCION, ETC. (PIE DE IMPRENTA)
Lugar de publicación, distribución, etc. Santiago de Cali:
Nombre del editor, distribuidor, etc. Universidad del Valle,
Fecha de publicación, distribución, etc. 2007.
300 ## - DESCRIPCION FISICA
Extensión 63 páginas
502 ## - NOTA DE TESIS
Nota de tesis Tesis (Biólogo) Universidad del Valle "Diana Carolina Lopez Alvarez" , 2007.
504 ## - NOTA DE BIBLIOGRAFIA, ETC.
Nota de bibliografía <br/>
650 16 - ASIENTO SECUNDARIO DE MATERIA - TERMINO TEMATICO
Término temático o nombre geográfico como elemento de entrada Marcadores moleculares
9 (RLIN) 5827
650 16 - ASIENTO SECUNDARIO DE MATERIA - TERMINO TEMATICO
Término temático o nombre geográfico como elemento de entrada Especies endémicas
9 (RLIN) 75578
650 16 - ASIENTO SECUNDARIO DE MATERIA - TERMINO TEMATICO
Término temático o nombre geográfico como elemento de entrada Especies amenazadas
9 (RLIN) 157
700 1# - ASIENTO SECUNDARIO - NOMBRE PERSONAL
9 (RLIN) 1260
Nombre personal Sedano Cruz, Raúl E.
Término de relación Director
700 1# - ASIENTO SECUNDARIO - NOMBRE PERSONAL
9 (RLIN) 101265
Nombre personal Cárdenas Henao, Heiber
Término de relación Co-director
700 1# - ASIENTO SECUNDARIO - NOMBRE PERSONAL
9 (RLIN) 4961
Nombre personal Palacio Mejia, Juan Diego
Término de relación Co-director
942 ## - ELEMENTOS ADICIONALES (KOHA)
Tipo de ítem Tesis
Sistema de clasificación Local
945 ## - PROCESAMIENTO LOCAL
AAAA-MM-DD - Fecha de ingreso o modificacion 2007-09-24
Existencias
Withdrawn status Lost status Sistema de Clasificación Damaged status No para préstamo Colección Inventariado Ubicación Permanente Ubicación actual Fecha de adquisición Fuente de Valor Total Checkouts Número topográfico Inventario / Código de Barras Date last seen Ejemplar Price effective from Forma de adquisición Tipo de material Public note
    Local     Tesis Inventariado 2017 Bogotá Bogotá 24/09/2007 Palacio M., Juan Diego   TE-0182 025258 04/12/2012 Ej.1 04/12/2012 Donación Tesis Disponible solo para consulta en sala